000 nam a22 a 4500
999 _c426967
_d426967
003 BLK
005 20210805141648.0
008 210805b bu |||||r|||| 00| | bu d
040 _aBLK
041 _aBUL
_cBUL
080 _aНемска литература
_b821.112.2
_x-2
_z821.112.2-2
100 _9346667
_aФос, Рихард
_eпърви автор
139 _aФос, Рихард
245 _aЕва
_bДрама в 5 д.
_cРихард Фос ; Прев. от нем
260 _9461644
_aПлевен
_bПлевенско гимнаст. д-во Юнак
_c1898
_fСофия : Бр. Ст. Бояджиеви
300 _a98 с.
_c21 см
380 _aX
490 _9435080
_aКолекция Редки и ценни издания
852 _aРб 898
_bРц
942 _cKNG
_n0
_s1
944 _aCR
_c2021-08-05
_kВЙ